Literatura del siglo XX y Cristianismo

Gorde:
Xehetasun bibliografikoak
Egile nagusia: Moeller, Charles
Formatua: Liburua
Hizkuntza:Undetermined
Argitaratua: Madrid, España Gredos 1970
Edizioa:3 edición
Gaiak:
Etiketak: Etiketa erantsi
Etiketarik gabe, Izan zaitez lehena erregistro honi etiketa jartzen!

MARC

LEADER 00000nam a2200000Ia 4500
008 170316s9999 xx 000 0 und d
040 |a cru BVZT 
090 |a 100 M-51L v.1 
100 |a Moeller, Charles  |9 2284 
245 |a Literatura del siglo XX y Cristianismo  |c / Valentín García Yebra, traductor 
250 |a 3 edición 
260 |a Madrid, España  |b Gredos  |c 1970 
300 |a 524 páginas Tomo I (El silencio de Dios) 
650 |a FILOSOFÍA  |9 5 
650 |a CAMUS  |9 2285 
650 |a GIDE  |9 2286 
650 |a HUXLEY  |9 2287 
650 |a SIMONE WEIL  |9 2288 
650 |a GRAHAM  |9 2289 
650 |a JULIEN GREEN  |9 2290 
650 |a BERNANOS  |9 2291 
999 |c 30855  |d 30855 
942 |c 15 D  |h 100 M-51L v.1  |2 z